000 00453nam a2200181Ia 4500
001 8362
005 20260306160603.0
008 260306t2016||||xx |||||||||||||| ||spa||
041 _aESP
082 _a370.7
_bF46
100 _aFiallo Rodríguez, Jorge
_eAUT
245 0 _aMétodos científicos de la investigación pedagógica
260 _c2016
300 _a163 páginas :
_c21 cm.
650 _aGEN
654 _aCED
942 _cLIB
_dJUS
_fJUS
_2ddc
_n
999 _c8362
_d8362